LEADER 01395nam a2200361 u 4500 001 000000056905 003 CaOOAMICUS 005 20070226120526.0 008 010423s1977 fr u000 u fre u 020 $a2227310162 035 $a10886333 040 $aPUL(R)$bita 100 1 $aBourgeois, Henri.$0(OLS)http://pul/name/17071 245 10$aLibérer Jésus :$bchristologies actuelles /$cHenri Bourgeois. 260 $a[Paris] :$bLe Centurion,$cc1977. 300 $a276 p.; ;$c22 cm 504 $aBibliografia in nota. 600 04$aIesus Christus.$0(OLS)http://pul/subject/207 650 4$aCristologia.$0(OLS)http://pul/subject/1402 850 $aPUL 852 $aPUL$W1$xSL Religione 1$y3$m63 B 41$j74557$nBK-PRI$b $qStampati$B74557$CPULBib$Z2$F74557 $H $81 852 $aPUL$W1$xDP1 Fondo Bordoni$y120$m3 H 97$j167264$qFondi$B176069$CPULBib$Z2$F176069 $HBor413 $81 941 1 $a1 941 1 $a8 960 $aCristologia$9207 960 $aCristologia$9207 960 $aGesù Cristo$9207 960 $aIesus Christus$91402 960 $aIesus Christus$91402 961 $aINV: 46723 996 $6020$a2227310162$9(OLS)http://pul/number/71840 996 $6245$aLibérer Jésus :$bchristologies actuelles$9(OLS)http://pul/title/76147 996 $6260$a[Paris] :$bLe Centurion$9(OLS)http://pul/publisher/69332 LEADER 01809nam a2200361 u 4500 001 000000047419 003 CaOOAMICUS 005 20070226114901.0 008 991004s1999 it h u000 u ger u 020 $a8879610309 035 $a10833658 040 $aIPA$bita$dBAV 100 1 $aSchneider, Athanasius.$0(OLS)http://pul/name/34464 245 11$a"Propter sanctam ecclesiam suam" :$bdie Kirche als Geschöpf, Frau und Bau im Bussunterricht des Pastor Hermae /$cAthanasius Schneider. 260 $aRoma :$bInstitutum Patristicum Augustinianum,$c1999. 300 $a590 p., [1] c. di tav. :$bant. (facs.) ;$c24 cm 490 1 $aStudia ephemeridis "Augustinianum" ;$v67 502 $aDiss. -- Istituto Patristico Augustinianum, 1997. 504 $a"Bibliographie": p. [485]-540. 600 04$aHermas,$dsec. II.$0(OLS)http://pul/subject/7389 650 0$aChurch$xHistory of doctrines$yEarly church, ca. 30-600.$2//eng$0(OLS)http://pul/subject/15688 710 2 $aIstituto patristico Augustinianum.$0(OLS)http://pul/name/577 830 0$aStudia ephemeridis Augustinianum ;$v67.$0(OLS)http://pul/title/713 850 $aPUL 852 $aPUL$W1$xSL Religione 1$y3$m21 A 67$j63370$nBK-PRI$b $qStampati$B63370$CPULBib$Z2$F63370 $HPUL94568 $81 910 $aInstitutum patristicum Augustinianum$9577 910 $aPontificia Università Lateranense. $bIstituto Patristico Augustinianum$9577 910 $aAugustinianum$9577 941 1 $a8 983 0$aSEA. 996 $6020$a8879610309$9(OLS)http://pul/number/59206 996 $6245$a"Propter sanctam ecclesiam suam" :$bdie Kirche als Geschöpf, Frau und Bau im Bussunterricht des Pastor Hermae$9(OLS)http://pul/title/63835 996 $6260$aRoma :$bInstitutum Patristicum Augustinianum$9(OLS)http://pul/publisher/48165 LEADER 01278nam a2200265 a 4500 001 000000160897 003 CaOOAMICUS 005 20170522152818.0 008 170522s1973 it m 001 u ger r 032 $aLibriCat 040 $aPUL$bita 100 1 $aGumpel, Kurt Peter.$0(OLS)http://pul/name/102979 245 10$aActus moraliter boni : $bein Beitrag zu der Erkenntnis der Gnadenlehre des Gregor von Rimini (+1358) / $cKurt Peter Gumpel. 260 $aRoma :$b[s.n.],$c1973. 300 $a67 p. ;$c24 cm. 502 $aEstratto di Tesi-- Pontificia Università Gregoriana. Facultas Theologiae.1964. 504 $aBibliografia in nota a piè pagina. 600 04$aGregorius Ariminensis,$cO.E.S.A.,$dm. 1358.$0(OLS)http://pul/subject/15426 710 2 $aPontificia Università Gregoriana.$bFacoltà di teologia.$kTesi.$0(OLS)http://pul/name/81592 850 $aPUL 852 $aPUL$W1$xDP1 Tesi Pon. Univ. Gregoriana$y40$mTH PUG 2319$j184777$qTesi$B187973$CPULBib$Z2$F187973 $H39703 $82 941 1 $a16 996 $6245$aActus moraliter boni : $bein Beitrag zu der Erkenntnis der Gnadenlehre des Gregor von Rimini (+1358) / $9(OLS)http://pul/title/200607 996 $6260$aRoma :$b[s.n.]$9(OLS)http://pul/publisher/47958